Utopia (Record no. 228445)
[ view plain ]
| 000 -LEADER | |
|---|---|
| fixed length control field | 01803nam a2200409 a 4500 |
| 082 04 - DEWEY DECIMAL CLASSIFICATION NUMBER | |
| Classification number | 335/.02 |
| 100 1# - MAIN ENTRY--AUTHOR NAME | |
| Personal name | More, Thomas, |
| 245 10 - TITLE STATEMENT | |
| Title | Utopia |
| 260 ## - PUBLICATION, DISTRIBUTION, ETC. (IMPRINT) | |
| Place of publication | Oxford ; |
| -- | New York : |
| Name of publisher | Oxford University Press, |
| Year of publication | 1999. |
| 300 ## - PHYSICAL DESCRIPTION | |
| Number of Pages | lxi, 250 p. : |
| Other physical details | ill., maps. |
| 490 1# - SERIES STATEMENT | |
| Series statement | Oxford world's classics |
| 500 ## - GENERAL NOTE | |
| General note | Cover and half-title: Three early modern Utopias. |
| 505 0# - FORMATTED CONTENTS NOTE | |
| Formatted contents note | Utopia / Thomas More - New Atlantis / Francis Bacon - The Isle of Pines / Henry Neville. |
| 650 #0 - SUBJECT ADDED ENTRY--TOPICAL TERM | |
| Topical Term | Utopias |
| 700 1# - ADDED ENTRY--PERSONAL NAME | |
| Personal name | Bruce, Susan, |
| Personal name | Neville, Henry, |
| Personal name | Bacon, Francis, |
| 856 40 - ELECTRONIC LOCATION AND ACCESS | |
| Uniform Resource Identifier | http://site.ebrary.com/lib/rucke/Doc?id=10460671 |
No items available.
